Music Quiz

Random Music or Song Quiz
Score 0/100 Timer 15:00
1 Play Today
Rank Song % Correct
4Paranoid
84%
3Master of Puppets
83.3%
39Enter Sandman
81.3%
14One
76.6%
10Iron Man
76.3%
9The Number of the Beast
72.4%
19Run To the Hills
70.7%
11Raining Blood
68.8%
2War Pigs
65.6%
16The Trooper
63.6%
44Breaking the Law
61.7%
27Peace Sells
59.8%
7Black Sabbath
59.2%
5Angel of Death
58.3%
6Ace of Spades
56.4%
20Painkiller
56.3%
26Fade To Black
54.2%
1Hallowed Be Thy Name
53.8%
41For Whom the Bell Tolls
53.5%
30Holy Diver
53.2%
46Symphony of Destruction
53.2%
53Walk
52.4%
21Seek and Destroy
52.1%
36Aces High
51.6%
99Battery
51.6%
17Crazy Train
50.4%
42Cowboys From Hell
50.2%
18Heaven and Hell
48.8%
54Hangar 18
48.5%
25Creeping Death
47.4%
63Fear of the Dark
47.4%
22Sabbath Bloody Sabbath
44.2%
75South of Heaven
44.2%
70Powerslave
44%
Rank Song % Correct
40Children of the Grave
43.4%
552 Minutes To Midnight
42.6%
35You've Got Another Thing Coming
42.5%
45Seasons in the Abyss
41.3%
24N.I.B.
41.2%
60Rainbow in the Dark
41.1%
61The Four Horsemen
40.7%
49Caught In A Mosh
40.1%
85Wasted Years
38.5%
56War Ensemble
38.3%
77Sweet Leaf
38.1%
33Rime of the Ancient Mariner
38%
51Mr Crowley
37.3%
31Phantom of the Opera
36.3%
23Hellion
35.4%
28Cemetary Gates
33.7%
100Fairies Wear Boots
33.6%
38Am I Evil?
31.3%
58Into the Void
30.7%
79Killers
30.6%
43Black Metal
29.8%
8Victim of Changes
29.6%
92Tornado of Souls
28.8%
59Balls to the Wall
28.5%
80Screaming For Vengeance
28.3%
34Symptom of the Universe
27.8%
90Neon Knights
27.2%
12Stargazer
26.4%
47Halloween
25.8%
13Beyond the Realms of Death
25.5%
67Hammer Smashed Face
25.2%
64Pull Me Under
24.6%
74The Last In Line
24%
71Keeper of the Seven Keys
23.7%
Rank Song % Correct
91Evil
22.9%
52Queen of the Reich
22.3%
48Fast As A Shark
20.8%
66Bonded By Blood
19.9%
68Battle Hymn
19.7%
69Over the Mountain
19.3%
15Holy Wars...The Punishment Due
18.8%
83Kill the King
18.7%
32The Oath
17.6%
29Witching Hour
16.9%
97Exciter
15.5%
93Over the Wall
15.4%
50Freezing Moon
15.1%
37Pull the Plug
14.9%
78Eyes of a Stranger
13.9%
57Metropolis Part I
12.4%
87Blackwater Park
12.4%
84Crystal Mountain
12.3%
98Chapel of Ghouls
12.2%
96Jesu Dod
11.3%
65I Am the Black Wizards
9.9%
62The Philosopher
8.4%
86Elimination
8.4%
89Divine Wings of Tragedy
8.3%
73Heartwork
6.9%
82The Exorcist
6.8%
94Solitude
6.5%
95Nightfall
6.4%
76Transilvanian Hunger
5.9%
72A Fine Day To Die
5%
81Guardian
4.4%
88Blinded By Fear
1.5%
Remove Ads.
Support Sporcle.
Get the best of Sporcle when you Go Orange. This ad-free experience offers more features, more stats, and more fun while also helping to support Sporcle. Thank you for becoming a member.

You're not logged in!

Compare scores with friends on all Sporcle quizzes.
OR
Log In

Show Comments

Extras

Top Quizzes Today


Score Distribution

Your Account Isn't Verified!

In order to create a playlist on Sporcle, you need to verify the email address you used during registration. Go to your Sporcle Settings to finish the process.

Report this User

Report this user for behavior that violates our Community Guidelines.

Details: